| 000 | 01016nam a2200277Ia 4500 | ||
|---|---|---|---|
| 001 | Para_10357 | ||
| 003 | CHAP | ||
| 008 | 220125sDici xx 000 0 und d | ||
| 010 | _a209033 | ||
| 040 | _cCHAP | ||
| 090 | _aPA CD - TESIS 387 | ||
| 100 |
_aGaspar Martínez, José Fernando _9128964 |
||
| 245 |
_aControl químico de Brevicoryne brassicae (L.) y Plutella xylostella (L.) en Brócoli en Palmar de Bravo, Puebla / _c José Fernando Gaspar Martínez; Director Juan Fernando Solís Aguilar |
||
| 260 |
_aChapingo, Méx. : _b el autor |
||
| 300 | _a1 CDS ROM (68 p.) | ||
| 502 | _aTesis (Ing. Agr. Esp. en Parasitología Agrícola). UACh. Departamento Parasitología Agrícola | ||
| 700 |
_aSolís Aguilar, Juan Fernando. Director _9171333 |
||
| 710 | _aUACh Departamento Parasitología Agrícola | ||
| 901 | _aPA CD - TESIS 387 | ||
| 902 | _aM | ||
| 905 | _a513220Diciembre, 2014 abnm8100000000 06 | ||
| 910 | _aDici | ||
| 942 | _cPARA | ||
| 942 |
_cPARA _d2 |
||
| 999 |
_c209033 _d209033 |
||